000 00309nam a22001337a 4500
008 180919b xxu||||| |||| 00| 0 eng d
020 _a9780596006419
041 _aeng
080 _a004
100 _a30
101 _aSHK
245 _aEclipse Java Programing Applications
_cHolszner.s
942 _2udc
_cBK
999 _c47999
_d47999